| 000 | 00941cam a2200289 i 4500 | ||
|---|---|---|---|
| 001 | 36039 | ||
| 003 | BD-RjUL | ||
| 005 | 20211209052425.0 | ||
| 008 | 140615s1978 njub b 001 0 eng | ||
| 020 | _a0878552286 | ||
| 020 | _a0876209657 (pbk.) | ||
| 035 | _a(BD-RjUL)36136 | ||
| 040 |
_aDLC _cDLC _dBD-RjUL _beng |
||
| 041 | _aeng | ||
| 082 | 0 | 0 |
_a320.9746804 _bDOW 1978 |
| 100 | 1 |
_aDomhoff, G. William. _95145 |
|
| 245 | 1 | 0 |
_aWho really rules? : _bNew Haven and community power reexamined / _cG. William Domhoff. |
| 260 |
_aNew Brunswick, N.J. : _bTransaction Books, _cc1978. |
||
| 300 |
_axiii, 189 p. : _bmaps ; _c24 cm. |
||
| 504 | _aIncludes bibliographical references and index. | ||
| 600 | 1 | 0 |
_aDahl, Robert A., _d1915-2014. _9109526 |
| 650 | 0 |
_aCommunity power _vCase studies. _9109705 |
|
| 651 | 0 |
_aNew Haven (Conn.) _xPolitics and government. _916826 |
|
| 942 |
_2ddc _cBK |
||
| 999 |
_c36039 _d36039 |
||